000
00354nam a2200145Ia 4500
008
230718s9999 xx 000 0 und d
041
_a
Eng.
082
_a
346.255
_b
MUH-T
100
_a
muhammad abdul basit
245
4
_a
the qanuna e shahdad order 1984
260
_a
Pakistan
_b
federal law house
_c
2019
300
_a
626
650
_a
Law
999
_c
33019
_d
33019